000 00634nam a2200241Ia 4500
003 OSt
005 20220918230955.0
006 a|||||r|||| 00| 0
007 ta
008 220917b |||||||| |||| 00| 0 eng d
024 _a261,907
037 _cTextual
040 _aARTS
_cARTS
_beng
041 _2eng
_aeng
082 _aQ4v, M5
100 _aSaunders Kenneth J
_925626
245 0 _aEpochs in Buddhist History
260 _aDelhi
_bBharadtiya Book Corporation India
_c1985
300 _a243p.
_ccm.
650 _aRELIGION
942 _hQ4v, M5
_cTEXL
_2CC
999 _c289442
_d289442